Mesiac so zvoncom

Bibliographic Details
Main Author: Klimovič, Martin, 1978- (Author)
Other Authors: Galata, Tomáš (ilustrátor) (Illustrator)
Format: Article
Language:Slovak
ISSN:0139-8962
Subjects:

MARC

LEADER 00000nab a2200000 a 4500
001 vtls008941310
003 SK-MaSNL
005 20260303070826.0
008 070131 2006 xo m 000 0 slo
015 |a SNBRB2007/01 
038 |a KEKMK 
040 |a KEKMK  |b slo  |c KEKMK  |e AACR2 
041 |a slo 
044 |a xo  |c SK 
080 |a 82-93  |2 2001 
100 1 |a Klimovič, Martin,  |d 1978-  |4 aut  |9 190746 
245 1 0 |a Mesiac so zvoncom  |c Martin Klimovič ; Tomáš galata 
650 0 7 |a literatúra pre deti a mládež  |2 kekmk  |9 21893 
700 1 |a Galata, Tomáš  |c (ilustrátor)  |4 Ill.  |9 90844 
773 0 |t Zornička : časopis pre školákov  |g Roč. 59/69, č.5 január (2007), s.  |x 0139-8962 
852 |a KEKMK  |b KIS3G 
958 |a LX 
958 |a DB 
999 |c 1757094  |d 1759024